000
00457nam a22001217a 4500
040
_c
SY
082
_a
572
100
_a
NA
245
_a
ការវិភាគប្រព័ន្ធក្សេត្រ បរិស្ថាន ឃុំសឿ ស្រុកមង្គលបូរី ខេត្តបន្ទាយមានជ័យ
260
_a
ផ្សព្វផ្សាយកសិកម្ម
_b
NA
_c
2005
300
_a
68p.
942
_c
KB
999
_c
9687
_d
9687